Thangkhal missionary : (Record no. 9063)
[ view plain ]
| 000 -LEADER | |
|---|---|
| fixed length control field | 00497nam a22001817a 4500 |
| 003 - CONTROL NUMBER IDENTIFIER | |
| control field | GBCCL |
| 005 - DATE AND TIME OF LATEST TRANSACTION | |
| control field | 20241126110704.0 |
| 008 - FIXED-LENGTH DATA ELEMENTS--GENERAL INFORMATION | |
| fixed length control field | 220330b ||||| |||| 00| 0 eng d |
| 040 ## - CATALOGING SOURCE | |
| Transcribing agency | GBC |
| 082 ## - DEWEY DECIMAL CLASSIFICATION NUMBER | |
| Classification number | VER 266.0092 |
| Item number | TOM |
| 100 ## - MAIN ENTRY--PERSONAL NAME | |
| Personal name | Tombing, Pumzathang |
| 9 (RLIN) | 700 |
| 245 ## - TITLE STATEMENT | |
| Title | Thangkhal missionary : |
| Remainder of title | Pastor Thawngluan, 1902-1983 |
| 260 ## - PUBLICATION, DISTRIBUTION, ETC. | |
| Place of publication, distribution, etc. | Lamka: |
| Name of publisher, distributor, etc. | Ginsuanhau Zou , |
| Date of publication, distribution, etc. | 2021. |
| 300 ## - PHYSICAL DESCRIPTION | |
| Extent | 86p. ; |
| 650 ## - SUBJECT ADDED ENTRY--TOPICAL TERM | |
| Topical term or geographic name entry element | Missionary -- Biography |
| 9 (RLIN) | 13323 |
| 650 ## - SUBJECT ADDED ENTRY--TOPICAL TERM | |
| Topical term or geographic name entry element | Thawngluan |
| 9 (RLIN) | 15824 |
| 942 ## - ADDED ENTRY ELEMENTS (KOHA) | |
| Source of classification or shelving scheme | Dewey Decimal Classification |
| Koha item type | Books |
| Withdrawn status | Lost status | Source of classification or shelving scheme | Damaged status | Not for loan | Home library | Current Library | Shelving location | Date acquired | Total checkouts | Full call number | Barcode | Date last seen | Copy number | Price effective from | Koha item type |
|---|---|---|---|---|---|---|---|---|---|---|---|---|---|---|---|
| Dewey Decimal Classification | GRACE BIBLE COLLEGE | GRACE BIBLE COLLEGE | Vernacular | 2022-03-30 | VER 266.0092 TOM | 014424 | 2025-05-01 | c.1 | 2022-03-30 | Books | |||||
| Dewey Decimal Classification | GRACE BIBLE COLLEGE | GRACE BIBLE COLLEGE | Vernacular | 2022-03-30 | VER 266.0092 TOM | 014425 | 2025-05-01 | c.2 | 2022-03-30 | Books |